[Event "1SM"]
[Site "Sharjah Chess Club"]
[Date "2017.03.25"]
[Round "3.17"]
[White "Saurabh, Anand"]
[Black "Gledura, Benjamin"]
[Result "0-1"]
[BlackElo "2588"]
[WhiteElo "2284"]
[LiveChessVersion "1.4.8"]

1. e4 {[%clk 1:40:53]} c5 {[%clk 1:40:53]} 2. Nf3 {[%clk 1:40:54]} e6
{[%clk 1:41:16]} 3. d4 {[%clk 1:41:20]} cxd4 {[%clk 1:41:40]} 4. Nxd4
{[%clk 1:41:46]} a6 {[%clk 1:42:05]} 5. Nc3 {[%clk 1:41:04]} b5 {[%clk 1:42:28]}
6. Bd3 {[%clk 1:38:01]} Ne7 {[%clk 1:42:51]} 7. O-O {[%clk 1:34:18]} Nec6
{[%clk 1:42:50]} 8. Nxc6 {[%clk 1:21:19]} Nxc6 {[%clk 1:42:58]} 9. Be3
{[%clk 1:21:45]} Be7 {[%clk 1:38:57]} 10. f4 {[%clk 1:21:42]} d6 {[%clk 1:34:51]}
11. Qf3 {[%clk 1:20:07]} Qc7 {[%clk 1:30:00]} 12. Rad1 {[%clk 1:04:16]} O-O
{[%clk 1:28:01]} 13. Kh1 {[%clk 1:03:57]} Bb7 {[%clk 1:23:40]} 14. Qh3
{[%clk 1:03:29]} Nb4 {[%clk 1:19:39]} 15. a3 {[%clk 1:03:01]} Nxd3
{[%clk 1:20:03]} 16. cxd3 {[%clk 1:03:01]} f5 {[%clk 1:14:23]} 17. Qf3
{[%clk 0:54:31]} Bf6 {[%clk 1:13:00]} 18. Rc1 {[%clk 0:53:17]} Qf7
{[%clk 1:11:02]} 19. d4 {[%clk 0:52:37]} Rac8 {[%clk 1:08:39]} 20. Bg1
{[%clk 0:47:57]} Rc4 {[%clk 1:04:52]} 21. Qd3 {[%clk 0:36:32]} Qg6
{[%clk 1:01:37]} 22. Rce1 {[%clk 0:36:37]} Rfc8 {[%clk 0:58:24]} 23. Re2
{[%clk 0:34:58]} Rxc3 {[%clk 0:50:04]} 24. bxc3 {[%clk 0:34:56]} Bxe4
{[%clk 0:50:28]} 25. Qd2 {[%clk 0:30:56]} Rc4 {[%clk 0:49:09]} 26. Be3
{[%clk 0:30:39]} Qf7 {[%clk 0:48:06]} 27. Ree1 {[%clk 0:30:24]} Qc7
{[%clk 0:48:11]} 28. Rc1 {[%clk 0:30:22]} Qc6 {[%clk 0:46:06]} 29. Kg1
{[%clk 0:29:58]} Bd8 {[%clk 0:45:47]} 30. Qf2 {[%clk 0:18:27]} Ba5
{[%clk 0:42:17]} 31. Bd2 {[%clk 0:18:50]} Ra4 {[%clk 0:37:22]} 32. Qg3
{[%clk 0:15:39]} Rxa3 {[%clk 0:37:00]} 33. Ra1 {[%clk 0:15:46]} Rxa1
{[%clk 0:36:38]} 34. Rxa1 {[%clk 0:16:13]} Bd8 {[%clk 0:36:55]} 35. Qf2
{[%clk 0:15:35]} h6 {[%clk 0:36:38]} 36. Ra3 {[%clk 0:14:33]} a5 {[%clk 0:35:04]}
37. Qe2 {[%clk 0:14:06]} Bb6 {[%clk 0:33:15]} 38. h3 {[%clk 0:13:40]} e5
{[%clk 0:31:57]} 39. Kh2 {[%clk 0:10:48]} exd4 {[%clk 0:31:44]} 40. cxd4
{[%clk 0:11:16]} b4 {[%clk 0:31:58]} 41. Rg3 {[%clk 0:11:21]} Bxd4
{[%clk 0:29:09]} 42. Qh5 {[%clk 0:11:23]} Kf8 {[%clk 0:27:45]} 43. Qd1
{[%clk 0:08:23]} Qc2 {[%clk 0:27:17]} 44. Qe2 {[%clk 0:08:15]} Qc6
{[%clk 0:23:06]} 45. Be3 {[%clk 0:07:09]} Bc3 {[%clk 0:21:32]} 46. Bd2
{[%clk 0:04:46]} d5 {[%clk 0:21:23]} 47. Bxc3 {[%clk 0:03:54]} bxc3
{[%clk 0:21:47]} 48. Qe3 {[%clk 0:04:18]} c2 {[%clk 0:21:09]} 49. Qa3+
{[%clk 0:04:41]} Kf7 {[%clk 0:20:45]} 50. Rc3 {[%clk 0:05:04]} Qg6
{[%clk 0:15:04]} 51. Rg3 {[%clk 0:01:45]} Qf6 {[%clk 0:15:00]} 52. Rc3
{[%clk 0:01:08]} Kg8 {[%clk 0:14:35]} 53. Qxa5 {[%clk 0:00:50]} Kh7
{[%clk 0:14:24]} 54. Rc8 {[%clk 0:00:41]} d4 {[%clk 0:10:38]} 55. Qa2
{[%clk 0:01:03]} Kg6 {[%clk 0:10:12]} 56. Qg8 {[%clk 0:00:43]} Qf7
{[%clk 0:08:04]} 57. Qd8 {[%clk 0:01:04]} d3 {[%clk 0:08:05]} 58. Kg3
{[%clk 0:00:41]} Bd5 {[%clk 0:07:57]} 59. Qa5 {[%clk 0:00:35]} Qe6
{[%clk 0:08:15]} 60. Qc5 {[%clk 0:00:32]} d2 {[%clk 0:07:41]} 61. Qxc2
{[%clk 0:01:00]} 0-1

[Event "1SM"]
[Site "Sharjah Chess Club"]
[Date "2017.03.25"]
[Round "3.18"]
[White "Maghsoodloo, Parham"]
[Black "Debashis, Das"]
[Result "1/2-1/2"]
[BlackElo "2480"]
[WhiteElo "2576"]
[LiveChessVersion "1.4.8"]

1. Nf3 {[%clk 1:40:45]} Nf6 {[%clk 1:40:40]} 2. g3 {[%clk 1:40:43]} d5
{[%clk 1:41:03]} 3. Bg2 {[%clk 1:40:37]} e6 {[%clk 1:41:16]} 4. O-O
{[%clk 1:40:16]} c6 {[%clk 1:41:37]} 5. d4 {[%clk 1:37:18]} Nbd7 {[%clk 1:41:51]}
6. Nbd2 {[%clk 1:36:53]} b5 {[%clk 1:38:57]} 7. e4 {[%clk 1:32:54]} Nb6
{[%clk 1:20:36]} 8. c3 {[%clk 1:23:23]} Be7 {[%clk 1:20:03]} 9. Ne5
{[%clk 1:12:57]} Bb7 {[%clk 1:15:42]} 10. Nd3 {[%clk 1:12:00]} dxe4
{[%clk 0:56:35]} 11. Nxe4 {[%clk 1:11:32]} Nxe4 {[%clk 0:56:57]} 12. Bxe4
{[%clk 1:11:59]} O-O {[%clk 0:57:09]} 13. Qh5 {[%clk 1:09:52]} g6
{[%clk 0:53:01]} 14. Qh3 {[%clk 1:07:52]} Nd7 {[%clk 0:49:58]} 15. Qg2
{[%clk 0:59:48]} Rc8 {[%clk 0:43:04]} 16. Bh6 {[%clk 0:53:42]} Re8
{[%clk 0:43:22]} 17. a4 {[%clk 0:54:09]} a6 {[%clk 0:43:16]} 18. h4
{[%clk 0:54:33]} Bd6 {[%clk 0:38:09]} 19. Rfd1 {[%clk 0:44:09]} Qc7
{[%clk 0:34:33]} 20. h5 {[%clk 0:40:35]} e5 {[%clk 0:32:59]} 21. hxg6
{[%clk 0:38:40]} hxg6 {[%clk 0:33:23]} 22. axb5 {[%clk 0:38:23]} axb5
{[%clk 0:33:31]} 23. dxe5 {[%clk 0:38:35]} Nxe5 {[%clk 0:33:53]} 24. Nxe5
{[%clk 0:38:56]} Bxe5 {[%clk 0:33:02]} 25. Ra7 {[%clk 0:38:12]} Qe7
{[%clk 0:17:14]} 26. Bf3 {[%clk 0:33:24]} Bb8 {[%clk 0:13:28]} 27. Raa1
{[%clk 0:33:43]} Be5 {[%clk 0:12:32]} 28. Be3 {[%clk 0:32:54]} b4
{[%clk 0:05:10]} 29. Rdc1 {[%clk 0:23:07]} bxc3 {[%clk 0:05:26]} 30. bxc3
{[%clk 0:23:36]} Rc7 {[%clk 0:02:20]} 31. Ra7 {[%clk 0:21:53]} Ba8
{[%clk 0:02:23]} 32. Ra5 {[%clk 0:21:20]} Qf6 {[%clk 0:02:21]} 33. Rc5
{[%clk 0:21:25]} Rce7 {[%clk 0:01:35]} 34. Bxc6 {[%clk 0:18:56]} Bd6
{[%clk 0:01:20]} 35. Rc4 {[%clk 0:09:51]} Rxe3 {[%clk 0:01:24]} 36. Bxa8
{[%clk 0:08:55]} Re1+ {[%clk 0:01:24]} 37. Rxe1 {[%clk 0:09:24]} Rxe1+
{[%clk 0:01:51]} 38. Kh2 {[%clk 0:09:47]} Re2 {[%clk 0:01:35]} 39. Kg1
{[%clk 0:09:30]} Re1+ {[%clk 0:02:01]} 1/2-1/2

[Event "1SM"]
[Site "Sharjah Chess Club"]
[Date "2017.03.25"]
[Round "3.19"]
[White "Svane, Rasmus"]
[Black "Arjun, Kalyan"]
[Result "1-0"]
[BlackElo "2280"]
[WhiteElo "2570"]
[LiveChessVersion "1.4.8"]

1. c4 {[%clk 1:40:57]} e5 {[%clk 1:40:40]} 2. g3 {[%clk 1:41:07]} Nf6
{[%clk 1:40:49]} 3. Bg2 {[%clk 1:41:31]} d5 {[%clk 1:41:02]} 4. cxd5
{[%clk 1:41:55]} Nxd5 {[%clk 1:41:27]} 5. Nf3 {[%clk 1:40:18]} Nc6
{[%clk 1:41:47]} 6. O-O {[%clk 1:40:41]} Nb6 {[%clk 1:41:41]} 7. b3
{[%clk 1:30:53]} Be7 {[%clk 1:41:06]} 8. Bb2 {[%clk 1:31:15]} f6 {[%clk 1:41:19]}
9. Nc3 {[%clk 1:30:38]} O-O {[%clk 1:41:15]} 10. Rc1 {[%clk 1:28:30]} Be6
{[%clk 1:32:41]} 11. Ne4 {[%clk 1:09:55]} Qd7 {[%clk 1:21:42]} 12. d4
{[%clk 1:08:31]} exd4 {[%clk 1:21:07]} 13. Nxd4 {[%clk 1:07:01]} Nxd4
{[%clk 1:21:11]} 14. Bxd4 {[%clk 1:00:20]} Rfd8 {[%clk 1:18:51]} 15. Nc5
{[%clk 0:51:17]} Bxc5 {[%clk 1:19:13]} 16. Bxc5 {[%clk 0:51:42]} Qxd1
{[%clk 1:18:24]} 17. Rfxd1 {[%clk 0:52:02]} c6 {[%clk 1:18:38]} 18. Kf1
{[%clk 0:42:11]} Kf7 {[%clk 1:18:39]} 19. Ke1 {[%clk 0:26:11]} Rd7
{[%clk 1:16:36]} 20. h3 {[%clk 0:23:09]} Rad8 {[%clk 1:15:41]} 21. Rxd7+
{[%clk 0:21:47]} Rxd7 {[%clk 1:15:48]} 22. Rd1 {[%clk 0:21:33]} Rxd1+
{[%clk 1:13:47]} 23. Kxd1 {[%clk 0:22:01]} Ke8 {[%clk 1:13:33]} 24. Kd2
{[%clk 0:22:10]} Kd7 {[%clk 1:13:47]} 25. e4 {[%clk 0:21:08]} Nc8
{[%clk 1:10:52]} 26. f4 {[%clk 0:20:38]} b6 {[%clk 1:10:14]} 27. Bf8
{[%clk 0:18:47]} g6 {[%clk 1:10:05]} 28. g4 {[%clk 0:18:47]} c5 {[%clk 1:07:02]}
29. f5 {[%clk 0:17:10]} Bf7 {[%clk 1:04:59]} 30. Ke3 {[%clk 0:14:15]} Nd6
{[%clk 0:48:59]} 31. fxg6 {[%clk 0:11:27]} hxg6 {[%clk 0:43:45]} 32. Bf3
{[%clk 0:11:00]} g5 {[%clk 0:42:19]} 33. e5 {[%clk 0:10:29]} fxe5
{[%clk 0:42:39]} 34. Bh6 {[%clk 0:10:44]} c4 {[%clk 0:42:58]} 35. Bd1
{[%clk 0:08:14]} Bg6 {[%clk 0:40:43]} 36. bxc4 {[%clk 0:08:14]} Nxc4+
{[%clk 0:25:16]} 37. Ke2 {[%clk 0:08:43]} Nd6 {[%clk 0:25:25]} 38. Bxg5
{[%clk 0:08:37]} Ne4 {[%clk 0:25:39]} 39. Bd2 {[%clk 0:08:11]} Nxd2
{[%clk 0:25:53]} 40. Kxd2 {[%clk 0:08:37]} Bf7 {[%clk 0:26:15]} 41. a3
{[%clk 0:08:26]} Ke7 {[%clk 0:21:28]} 42. h4 {[%clk 0:08:51]} b5 {[%clk 0:17:20]}
43. g5 {[%clk 0:07:44]} a5 {[%clk 0:17:45]} 44. Kc3 {[%clk 0:06:37]} b4+
{[%clk 0:17:40]} 45. axb4 {[%clk 0:06:59]} axb4+ {[%clk 0:18:06]} 46. Kxb4
{[%clk 0:07:22]} Be8 {[%clk 0:08:51]} 47. Kc5 {[%clk 0:07:37]} Bf7
{[%clk 0:09:09]} 48. Bc2 {[%clk 0:07:47]} Kd7 {[%clk 0:09:05]} 49. Bf5+
{[%clk 0:07:33]} Ke7 {[%clk 0:09:30]} 50. Bd3 {[%clk 0:07:31]} Kd7
{[%clk 0:09:35]} 51. Be4 {[%clk 0:07:56]} Ke7 {[%clk 0:09:56]} 52. Bf5
{[%clk 0:08:21]} Bb3 {[%clk 0:04:30]} 53. h5 {[%clk 0:08:03]} Bf7
{[%clk 0:03:22]} 54. h6 {[%clk 0:07:56]} Kf8 {[%clk 0:03:34]} 55. Kd6
{[%clk 0:08:09]} Bh5 {[%clk 0:03:36]} 56. Kxe5 {[%clk 0:08:14]} Kg8
{[%clk 0:04:01]} 57. Kf6 {[%clk 0:08:38]} Kh8 {[%clk 0:04:08]} 58. Bd7
{[%clk 0:07:35]} Kh7 {[%clk 0:03:23]} 59. Be6 {[%clk 0:07:42]} 1-0

[Event "1SM"]
[Site "Sharjah Chess Club"]
[Date "2017.03.25"]
[Round "3.20"]
[White "Santos Latasa, Jaime"]
[Black "Mamedjarova, Turkan"]
[Result "1/2-1/2"]
[BlackElo "2267"]
[WhiteElo "2565"]
[LiveChessVersion "1.4.8"]

1. Nf3 {[%clk 1:40:57]} d5 {[%clk 1:40:49]} 2. g3 {[%clk 1:41:20]} Nf6
{[%clk 1:41:00]} 3. Bg2 {[%clk 1:41:45]} e6 {[%clk 1:40:42]} 4. O-O
{[%clk 1:42:05]} Nbd7 {[%clk 1:40:58]} 5. d3 {[%clk 1:41:05]} Bd6
{[%clk 1:40:12]} 6. Nbd2 {[%clk 1:40:21]} O-O {[%clk 1:37:14]} 7. e4
{[%clk 1:39:28]} c6 {[%clk 1:31:30]} 8. Re1 {[%clk 1:38:48]} Qc7 {[%clk 1:30:51]}
9. a3 {[%clk 1:28:07]} a5 {[%clk 1:28:52]} 10. Nb3 {[%clk 1:21:00]} dxe4
{[%clk 1:21:54]} 11. dxe4 {[%clk 1:20:18]} e5 {[%clk 1:22:18]} 12. Qe2
{[%clk 1:12:32]} a4 {[%clk 1:20:29]} 13. Nbd2 {[%clk 1:12:24]} b5
{[%clk 1:20:54]} 14. Nh4 {[%clk 1:12:18]} g6 {[%clk 1:16:34]} 15. Qf3
{[%clk 1:11:19]} Be7 {[%clk 1:13:56]} 16. Nf1 {[%clk 1:08:20]} Nc5
{[%clk 1:07:23]} 17. Qc3 {[%clk 1:03:19]} Ne6 {[%clk 1:03:35]} 18. Nf3
{[%clk 1:03:09]} Bd6 {[%clk 1:02:24]} 19. Bh6 {[%clk 1:01:39]} Re8
{[%clk 1:02:00]} 20. Rad1 {[%clk 0:58:34]} Rb8 {[%clk 0:54:31]} 21. Qd2
{[%clk 0:51:09]} Bc5 {[%clk 0:52:37]} 22. h3 {[%clk 0:50:53]} b4 {[%clk 0:51:12]}
23. axb4 {[%clk 0:41:00]} Rxb4 {[%clk 0:51:08]} 24. c3 {[%clk 0:40:32]} Rxe4
{[%clk 0:46:31]} 25. Ne3 {[%clk 0:39:56]} Bxe3 {[%clk 0:36:57]} 26. Bxe3
{[%clk 0:39:17]} Nd5 {[%clk 0:37:18]} 27. Qc2 {[%clk 0:38:18]} f5
{[%clk 0:23:42]} 28. c4 {[%clk 0:33:23]} Nxe3 {[%clk 0:22:10]} 29. fxe3
{[%clk 0:32:39]} Qb6 {[%clk 0:15:13]} 30. Qc3 {[%clk 0:32:58]} f4
{[%clk 0:14:56]} 31. Nxe5 {[%clk 0:32:22]} Rxe3 {[%clk 0:14:07]} 32. Rxe3
{[%clk 0:32:23]} Qxe3+ {[%clk 0:13:03]} 33. Qxe3 {[%clk 0:32:44]} fxe3
{[%clk 0:13:31]} 34. Bxc6 {[%clk 0:30:03]} Rf8 {[%clk 0:13:44]} 35. Rf1
{[%clk 0:24:16]} Rxf1+ {[%clk 0:12:34]} 36. Kxf1 {[%clk 0:24:37]} Nd4
{[%clk 0:12:06]} 37. Bxa4 {[%clk 0:23:03]} Bxh3+ {[%clk 0:12:29]} 38. Ke1
{[%clk 0:23:23]} Kf8 {[%clk 0:11:53]} 39. b4 {[%clk 0:22:45]} Bg2
{[%clk 0:07:54]} 40. c5 {[%clk 0:21:15]} Ke7 {[%clk 0:06:55]} 41. c6
{[%clk 0:21:27]} Nf3+ {[%clk 0:02:47]} 42. Nxf3 {[%clk 0:21:22]} Bxf3
{[%clk 0:03:16]} 43. c7 {[%clk 0:21:43]} Bg4 {[%clk 0:03:43]} 44. b5
{[%clk 0:22:03]} Kd6 {[%clk 0:02:17]} 45. b6 {[%clk 0:22:10]} Bc8
{[%clk 0:01:22]} 46. Ke2 {[%clk 0:21:13]} g5 {[%clk 0:00:42]} 47. Kxe3
{[%clk 0:21:12]} h5 {[%clk 0:01:04]} 48. Kf3 {[%clk 0:21:18]} h4 {[%clk 0:01:03]}
49. Bc2 {[%clk 0:20:30]} Kc6 {[%clk 0:00:54]} 50. gxh4 {[%clk 0:20:44]} gxh4 51.
Kf4 {[%clk 0:21:00]} Kxb6 {[%clk 0:01:43]} 52. Bf5 {[%clk 0:21:09]} Kxc7
{[%clk 0:02:09]} 53. Bxc8 {[%clk 0:21:33]} Kxc8 {[%clk 0:02:37]} 54. Kg4
{[%clk 0:21:56]} h3 {[%clk 0:03:05]} 55. Kxh3 {[%clk 0:22:19]} 1/2-1/2

[Event "1SM"]
[Site "Sharjah Chess Club"]
[Date "2017.03.25"]
[Round "3.21"]
[White "Safarli, Eltaj"]
[Black "Vignesh, N R"]
[Result "1-0"]
[BlackElo "2405"]
[WhiteElo "2680"]
[LiveChessVersion "1.4.8"]

1. e4 {[%clk 1:40:55]} e5 {[%clk 1:40:31]} 2. Nf3 {[%clk 1:41:18]} Nc6
{[%clk 1:40:57]} 3. Bb5 {[%clk 1:41:30]} Nf6 {[%clk 1:41:14]} 4. O-O
{[%clk 1:40:38]} Nxe4 {[%clk 1:41:39]} 5. d4 {[%clk 1:41:05]} Nd6
{[%clk 1:42:03]} 6. dxe5 {[%clk 1:41:10]} Nxb5 {[%clk 1:41:21]} 7. a4
{[%clk 1:41:35]} Nbd4 {[%clk 1:35:38]} 8. Nxd4 {[%clk 1:41:59]} Nxd4
{[%clk 1:35:07]} 9. Qxd4 {[%clk 1:42:24]} d5 {[%clk 1:35:19]} 10. Qd3
{[%clk 1:42:39]} c6 {[%clk 1:34:00]} 11. a5 {[%clk 1:42:10]} Qd7 {[%clk 1:31:00]}
12. Be3 {[%clk 1:37:58]} Be7 {[%clk 1:26:52]} 13. Qc3 {[%clk 1:32:40]} O-O
{[%clk 1:25:15]} 14. Nd2 {[%clk 1:32:51]} Qg4 {[%clk 1:11:19]} 15. a6
{[%clk 1:16:54]} Bb4 {[%clk 1:06:57]} 16. axb7 {[%clk 1:15:35]} Bxb7
{[%clk 1:06:55]} 17. Qb3 {[%clk 1:09:26]} Bxd2 {[%clk 1:06:28]} 18. Bxd2
{[%clk 1:09:42]} Bc8 {[%clk 1:06:56]} 19. Qc3 {[%clk 0:48:41]} Qg6
{[%clk 0:57:14]} 20. f3 {[%clk 0:47:11]} Bf5 {[%clk 0:55:07]} 21. Be3
{[%clk 0:45:34]} Bxc2 {[%clk 0:47:18]} 22. Rfc1 {[%clk 0:45:56]} Bd3
{[%clk 0:46:51]} 23. Qxc6 {[%clk 0:46:07]} Qxc6 {[%clk 0:47:17]} 24. Rxc6
{[%clk 0:46:32]} a6 {[%clk 0:47:40]} 25. Rd6 {[%clk 0:43:09]} Bc4
{[%clk 0:43:30]} 26. b4 {[%clk 0:43:26]} f6 {[%clk 0:36:16]} 27. e6
{[%clk 0:39:40]} Rfd8 {[%clk 0:36:42]} 28. Rxd8+ {[%clk 0:39:00]} Rxd8
{[%clk 0:37:10]} 29. Bd4 {[%clk 0:39:21]} Re8 {[%clk 0:21:58]} 30. Re1
{[%clk 0:39:32]} h5 {[%clk 0:22:21]} 31. Kf2 {[%clk 0:37:01]} Bd3
{[%clk 0:22:13]} 32. Bc5 {[%clk 0:36:23]} Bf5 {[%clk 0:18:05]} 33. e7
{[%clk 0:36:37]} Bd3 {[%clk 0:18:10]} 34. Ke3 {[%clk 0:35:55]} Bc4
{[%clk 0:18:11]} 35. Kd4 {[%clk 0:34:43]} Kf7 {[%clk 0:18:39]} 36. h4
{[%clk 0:33:26]} Rh8 {[%clk 0:18:14]} 37. Re3 {[%clk 0:30:59]} Re8
{[%clk 0:18:25]} 38. g4 {[%clk 0:27:00]} hxg4 {[%clk 0:17:49]} 39. fxg4
{[%clk 0:27:26]} Rh8 {[%clk 0:10:41]} 40. h5 {[%clk 0:26:07]} Re8
{[%clk 0:09:43]} 41. Rg3 {[%clk 0:21:06]} Rh8 {[%clk 0:04:13]} 42. g5
{[%clk 0:19:57]} Bb5 {[%clk 0:02:27]} 43. g6+ {[%clk 0:16:48]} Ke6
{[%clk 0:02:01]} 44. Re3+ {[%clk 0:08:27]} Kf5 {[%clk 0:02:29]} 45. h6
{[%clk 0:04:43]} gxh6 {[%clk 0:02:20]} 46. g7 {[%clk 0:05:02]} Rg8
{[%clk 0:02:36]} 47. Kxd5 {[%clk 0:04:05]} Be8 {[%clk 0:02:37]} 48. Rg3
{[%clk 0:03:43]} h5 {[%clk 0:02:48]} 49. Bd4 {[%clk 0:02:52]} h4 {[%clk 0:02:38]}
50. Rg1 {[%clk 0:02:52]} Bb5 {[%clk 0:02:36]} 51. Rg2 {[%clk 0:01:56]} h3
{[%clk 0:02:45]} 52. Rf2+ {[%clk 0:02:10]} Kg6 {[%clk 0:02:23]} 53. Rxf6+
{[%clk 0:02:07]} Kxg7 {[%clk 0:02:48]} 54. Rf3+ {[%clk 0:02:23]} Kg6
{[%clk 0:03:04]} 55. Rxh3 {[%clk 0:02:37]} Kf7 {[%clk 0:03:25]} 56. Bc5
{[%clk 0:02:46]} Rg2 {[%clk 0:02:20]} 57. Rf3+ {[%clk 0:02:11]} Kg6
{[%clk 0:02:38]} 58. Bf2 {[%clk 0:01:20]} Rg4 {[%clk 0:02:35]} 59. Bd4
{[%clk 0:01:42]} Rg2 {[%clk 0:02:38]} 60. Rf6+ {[%clk 0:01:51]} Kg5
{[%clk 0:02:56]} 61. Rb6 {[%clk 0:01:07]} Re2 {[%clk 0:03:08]} 62. Rxb5
{[%clk 0:01:07]} 1-0

[Event "1SM"]
[Site "Sharjah Chess Club"]
[Date "2017.03.25"]
[Round "3.22"]
[White "Viani, Antonio Dcunha"]
[Black "Areshchenko, Alexander"]
[Result "0-1"]
[BlackElo "2682"]
[WhiteElo "2410"]
[LiveChessVersion "1.4.8"]

1. e4 {[%clk 1:39:56]} c5 {[%clk 1:40:56]} 2. Nf3 {[%clk 1:40:12]} d6
{[%clk 1:41:23]} 3. d4 {[%clk 1:40:29]} cxd4 {[%clk 1:41:49]} 4. Nxd4
{[%clk 1:40:47]} Nf6 {[%clk 1:42:15]} 5. Nc3 {[%clk 1:41:02]} a6 {[%clk 1:42:40]}
6. Bc4 {[%clk 1:41:18]} e6 {[%clk 1:42:27]} 7. Bb3 {[%clk 1:40:44]} Nbd7
{[%clk 1:42:43]} 8. f4 {[%clk 1:37:53]} Nc5 {[%clk 1:42:40]} 9. f5
{[%clk 1:36:34]} Be7 {[%clk 1:40:04]} 10. Qf3 {[%clk 1:32:00]} O-O
{[%clk 1:39:08]} 11. Be3 {[%clk 1:30:03]} e5 {[%clk 1:27:26]} 12. Nde2
{[%clk 1:29:38]} b5 {[%clk 1:22:19]} 13. Bd5 {[%clk 1:24:30]} Rb8
{[%clk 1:18:25]} 14. b4 {[%clk 1:20:36]} Na4 {[%clk 1:15:35]} 15. O-O
{[%clk 1:07:28]} Bd7 {[%clk 1:02:03]} 16. Rad1 {[%clk 0:55:11]} Rc8
{[%clk 0:57:14]} 17. Bf2 {[%clk 0:42:12]} a5 {[%clk 0:52:05]} 18. a3
{[%clk 0:31:31]} Nb2 {[%clk 0:47:37]} 19. Ra1 {[%clk 0:24:31]} Nc4
{[%clk 0:46:59]} 20. Qd3 {[%clk 0:21:35]} Nxa3 {[%clk 0:45:00]} 21. Rxa3
{[%clk 0:21:36]} axb4 {[%clk 0:45:25]} 22. Rb3 {[%clk 0:21:19]} bxc3
{[%clk 0:45:19]} 23. Nxc3 {[%clk 0:21:28]} Qc7 {[%clk 0:37:17]} 24. Ra1
{[%clk 0:11:28]} Ng4 {[%clk 0:35:44]} 25. Ba7 {[%clk 0:11:36]} b4
{[%clk 0:34:58]} 26. Ra6 {[%clk 0:11:16]} Bd8 {[%clk 0:26:57]} 27. h3
{[%clk 0:06:17]} Nf6 {[%clk 0:24:54]} 28. Be3 {[%clk 0:05:31]} Rb8
{[%clk 0:21:04]} 29. Ba7 {[%clk 0:05:37]} Qxa7+ {[%clk 0:15:55]} 30. Rxa7
{[%clk 0:06:01]} Bb6+ {[%clk 0:16:23]} 31. Kh2 {[%clk 0:05:39]} Bxa7
{[%clk 0:16:50]} 32. Na2 {[%clk 0:05:01]} Bc5 {[%clk 0:16:48]} 33. Qd2
{[%clk 0:04:51]} Ba4 {[%clk 0:13:47]} 34. Rb1 {[%clk 0:04:57]} Nxd5
{[%clk 0:12:09]} 35. exd5 {[%clk 0:05:19]} e4 {[%clk 0:12:14]} 36. f6
{[%clk 0:03:06]} e3 {[%clk 0:12:25]} 37. Qe2 {[%clk 0:02:51]} gxf6
{[%clk 0:10:12]} 38. Qg4+ {[%clk 0:02:34]} Kh8 {[%clk 0:10:39]} 39. Qf5
{[%clk 0:02:59]} Bd4 {[%clk 0:09:14]} 40. Re1 {[%clk 0:01:29]} Bxc2
{[%clk 0:02:32]} 41. Qxc2 {[%clk 0:01:19]} b3 {[%clk 0:02:57]} 42. Qe2
{[%clk 0:01:07]} bxa2 {[%clk 0:03:12]} 43. Qxa2 {[%clk 0:01:27]} Rb2
{[%clk 0:03:30]} 44. Qa3 {[%clk 0:01:32]} Rg8 {[%clk 0:03:17]} 45. Rg1
{[%clk 0:01:34]} Rf2 {[%clk 0:01:52]} 46. Qd3 {[%clk 0:00:37]} Be5+
{[%clk 0:01:51]} 47. Kh1 {[%clk 0:01:04]} Rg3 {[%clk 0:02:05]} 48. Re1
{[%clk 0:00:36]} e2 {[%clk 0:01:45]} 49. Qa6 {[%clk 0:00:36]} Rgxg2
{[%clk 0:01:29]} 0-1

[Event "1SM"]
[Site "Sharjah Chess Club"]
[Date "2017.03.25"]
[Round "3.23"]
[White "Kanter, Eduard"]
[Black "Mareco, Sandro"]
[Result "0-1"]
[BlackElo "2664"]
[WhiteElo "2383"]
[LiveChessVersion "1.4.8"]

1. d4 {[%clk 1:40:57]} Nf6 {[%clk 1:40:55]} 2. c4 {[%clk 1:41:20]} e6
{[%clk 1:41:23]} 3. Nf3 {[%clk 1:41:31]} d5 {[%clk 1:41:48]} 4. Nc3
{[%clk 1:40:45]} dxc4 {[%clk 1:40:29]} 5. g3 {[%clk 1:38:02]} Bb4
{[%clk 1:34:44]} 6. Bg2 {[%clk 1:38:15]} O-O {[%clk 1:35:05]} 7. O-O
{[%clk 1:38:42]} Nc6 {[%clk 1:34:16]} 8. Bg5 {[%clk 1:38:55]} h6 {[%clk 1:22:52]}
9. Bxf6 {[%clk 1:39:18]} Qxf6 {[%clk 1:23:19]} 10. e3 {[%clk 1:39:15]} Rb8
{[%clk 1:18:24]} 11. Nd2 {[%clk 1:37:38]} Na5 {[%clk 1:17:34]} 12. Qc2
{[%clk 1:33:13]} Qe7 {[%clk 1:07:09]} 13. a3 {[%clk 1:20:27]} Bd6
{[%clk 0:56:52]} 14. Nce4 {[%clk 1:17:38]} e5 {[%clk 0:50:28]} 15. Nxc4
{[%clk 1:01:14]} Nxc4 {[%clk 0:50:03]} 16. Qxc4 {[%clk 1:01:36]} Be6
{[%clk 0:49:08]} 17. d5 {[%clk 0:59:27]} Bf5 {[%clk 0:49:32]} 18. Nxd6
{[%clk 0:56:16]} cxd6 {[%clk 0:49:58]} 19. e4 {[%clk 0:54:53]} Bd7
{[%clk 0:50:02]} 20. Rac1 {[%clk 0:55:06]} Rfc8 {[%clk 0:50:17]} 21. Qb4
{[%clk 0:55:12]} b6 {[%clk 0:49:16]} 22. Qd2 {[%clk 0:54:22]} Qg5
{[%clk 0:46:21]} 23. Qxg5 {[%clk 0:50:45]} hxg5 {[%clk 0:46:47]} 24. f3
{[%clk 0:50:56]} a5 {[%clk 0:46:51]} 25. b3 {[%clk 0:43:57]} b5 {[%clk 0:46:02]}
26. Rfe1 {[%clk 0:43:23]} Kf8 {[%clk 0:35:43]} 27. Bf1 {[%clk 0:43:42]} Ke7
{[%clk 0:36:07]} 28. Kf2 {[%clk 0:42:40]} Rh8 {[%clk 0:30:25]} 29. Kg1
{[%clk 0:43:04]} Rbc8 {[%clk 0:30:44]} 30. Bd3 {[%clk 0:40:49]} g6
{[%clk 0:30:09]} 31. Kg2 {[%clk 0:37:08]} Rc5 {[%clk 0:28:20]} 32. b4
{[%clk 0:37:06]} axb4 {[%clk 0:28:44]} 33. axb4 {[%clk 0:37:34]} Rxc1
{[%clk 0:28:57]} 34. Rxc1 {[%clk 0:37:59]} Ra8 {[%clk 0:29:21]} 35. Kf2
{[%clk 0:31:05]} Ra4 {[%clk 0:28:49]} 36. Rb1 {[%clk 0:31:04]} Ra2+
{[%clk 0:29:05]} 37. Be2 {[%clk 0:30:22]} g4 {[%clk 0:28:11]} 38. f4
{[%clk 0:28:29]} f5 {[%clk 0:28:15]} 39. exf5 {[%clk 0:27:00]} gxf5
{[%clk 0:28:06]} 40. Ke3 {[%clk 0:19:25]} Ra3+ {[%clk 0:26:03]} 41. Kf2
{[%clk 0:19:51]} exf4 {[%clk 0:25:35]} 42. gxf4 {[%clk 0:20:17]} Rh3
{[%clk 0:25:56]} 43. Kg2 {[%clk 0:17:35]} Re3 {[%clk 0:26:18]} 44. Rb2
{[%clk 0:14:32]} Kf6 {[%clk 0:24:17]} 45. Kf2 {[%clk 0:13:40]} Rh3
{[%clk 0:23:12]} 46. Kg1 {[%clk 0:13:00]} Re3 {[%clk 0:20:20]} 47. Kf2
{[%clk 0:13:26]} Re4 {[%clk 0:20:33]} 48. Kg3 {[%clk 0:13:37]} Be8
{[%clk 0:20:55]} 49. Bf1 {[%clk 0:10:40]} Re3+ {[%clk 0:20:45]} 50. Kg2
{[%clk 0:10:47]} Rf3 {[%clk 0:20:58]} 51. Rf2 {[%clk 0:06:10]} Rb3
{[%clk 0:21:22]} 52. Ra2 {[%clk 0:06:38]} Bf7 {[%clk 0:18:37]} 53. Ra6
{[%clk 0:07:04]} Bxd5+ {[%clk 0:19:03]} 54. Kg1 {[%clk 0:07:05]} Ke6
{[%clk 0:18:59]} 55. Bxb5 {[%clk 0:07:09]} Rxb4 {[%clk 0:19:25]} 56. Bd3
{[%clk 0:07:11]} Rxf4 {[%clk 0:18:54]} 0-1